<?xml version="1.0" encoding="UTF-8"?>
<record
    xmlns:xsi="http://www.w3.org/2001/XMLSchema-instance"
    xsi:schemaLocation="http://www.loc.gov/MARC21/slim http://www.loc.gov/standards/marcxml/schema/MARC21slim.xsd"
    xmlns="http://www.loc.gov/MARC21/slim">

  <leader>00355nam a22001097a 4500</leader>
  <controlfield tag="007">Thesis </controlfield>
  <controlfield tag="008">141020t        xxu||||| |||| 00| 0 eng d</controlfield>
  <datafield tag="100" ind1=" " ind2=" ">
    <subfield code="a">Feroze alam-sup-Dr. Najam us sahar sadaf zaidi.</subfield>
    <subfield code="9">940</subfield>
  </datafield>
  <datafield tag="245" ind1=" " ind2=" ">
    <subfield code="a">TH-BS-Detection of HPV serotype 16 in Pakistani oropharengeal squamous cell carcinoma patients</subfield>
    <subfield code="h">Thesis</subfield>
  </datafield>
  <datafield tag="300" ind1=" " ind2=" ">
    <subfield code="a">88</subfield>
  </datafield>
  <datafield tag="942" ind1=" " ind2=" ">
    <subfield code="2">ddc</subfield>
    <subfield code="c">CR</subfield>
  </datafield>
  <datafield tag="999" ind1=" " ind2=" ">
    <subfield code="c">17184</subfield>
    <subfield code="d">17184</subfield>
  </datafield>
  <datafield tag="952" ind1=" " ind2=" ">
    <subfield code="0">0</subfield>
    <subfield code="1">0</subfield>
    <subfield code="2">ddc</subfield>
    <subfield code="4">0</subfield>
    <subfield code="5">1</subfield>
    <subfield code="7">0</subfield>
    <subfield code="a">ASAB</subfield>
    <subfield code="b">ASAB</subfield>
    <subfield code="d">2014-10-20</subfield>
    <subfield code="l">1</subfield>
    <subfield code="o">Thesis Feroze Alam</subfield>
    <subfield code="p">ASABBS4-13</subfield>
    <subfield code="r">2017-02-22</subfield>
    <subfield code="s">2014-10-21</subfield>
    <subfield code="w">2014-10-20</subfield>
    <subfield code="y">THE</subfield>
  </datafield>
</record>
